000 00498nam a2200181 a 4500
001 2680
003 CO-ViMGA
008 141112s2004 ck r 000 u spa d
040 _aCO-ViMGA
_bspa
_cCO-ViMGA
082 0 4 _a617.6 C173
100 1 _aCárdenas Jaramillo, Dario
_951706
245 1 0 _aOdontologia pediatrica
260 _aMedellin :
_bFondo Editorial de la CIB,
_c1996
300 _a313 p : il
490 _aFundamentos de odontologia
650 1 4 _aODONTOLOGIA PEDIATRICA
942 _2ddc
_cBK
999 _c14755
_d14755